00780nam a2200253 i 4500001000300000100001800003245006400021250001400085260006500099300003300164490001700197500002100214650002200235650003100257655001800288830001700306020001700323040000800340041000800348044000800356080002300364008004100387856009800428bg1 aPohl, Alison.10aTest your professional English - secretarial /cAlison Pohl a4th impr. aHarlow, England:bPearson Education :bPenguin Books,c2007. aVI, 105 s. :brys. ;c24 cm.1 aTest Your... aPre-intermediate 9aJęzyk angielski 9aBiurowośćxsłownictwo aPodręczniki aTest Your... a978058451629 cBPK0 aeng aGBR a811.111(075.8):651 s pl f |000 0 pol  uhttp://koha.tu.koszalin.pl/cgi-bin/koha/opac-detail.pl?biblionumber=54394yKatalog online BPK